000 01028nam a22003377a 4500
001 6592
003 FISKH
005 20250530123646.0
008 250513b cb ||||| |||| 00| 0 eng d
020 _a9780064443159
040 _aDLC
_cDLC
_dDLC
_beng
050 _aPZ7.C179 B
082 _a 813
100 1 _aCapucilli, Alyssa Satin
_d(1957-)
245 1 0 _aBiscuit wants to play /
_cStory by Alyssa Satin Capucilli ; pictures by Pat Schories.
250 _aThis editions first published in 2001
260 _aNew York :
_bHarperCollins,
_c2001.
300 _a23 pages :
_bcolor illustrations ;
_c23 cm
490 1 _aMy first I can read book
505 _aE
520 _aThe puppy Biscuit makes friends with two kittens.
521 8 _a170
_bLexile
521 8 _aE
_bRaz-Plus
650 1 _aDogs
_vFiction.
650 1 _aCats
_vFiction.
650 1 _aPlay
_vFiction.
700 1 _aSchories, Pat,
_eillustrator
906 _a7
_bcbc
_corignew
_d1
_eocip
_f20
_gy-gencatlg
942 _2ddc
_cBK
_n0
999 _c6592
_d6592